Normal view
MARC view
- Supervisor Dr. Usman Qamar
Entry Corporate Name
001 - CONTROL NUMBER
- control field: 84067
003 - CONTROL NUMBER IDENTIFIER
- control field: NUST
005 - DATE AND TIME OF LATEST TRANSACTION
- control field: 20211113110633.0
008 - FIXED-LENGTH DATA ELEMENTS
- fixed length control field: 211113|| aca||aabn | a|a d
040 ## - CATALOGING SOURCE
- Original cataloging agency: NUST
- Transcribing agency: NUST
110 ## - HEADING--CORPORATE NAME
- Corporate name or jurisdiction name as entry element: Supervisor Dr. Usman Qamar
670 ## - SOURCE DATA FOUND
- Source citation: Work cat.: (NUST): Anila Umar 84066, TH-SOF-1905-Detection and Diagnosis of Psychological Disorders through Decision Rule Set Formation, 2021.
